000 00260pab a2200109 454500
008 180718b xxu||||| |||| 00| 0 eng d
100 _aRanade, Sudhanshu
245 _aA leader in the making
650 _aPolitics and Government
773 _aHindu
909 _a23500
999 _c23500
_d23500